000 00324nam a2200121Ia 4500
008 231228s2000 xx 000 0 und d
041 _aeng
082 _a5.133
_bWIR
100 _aWIRFS (B)/ WILKERSON/ WIENER
245 _aDesining Object-Oriented Software
260 _aNew Delhi
_bP.H.I.(3E) E
_c2000
300 _aXIX,341
999 _c1086008
_d1086008